Quick True/False: World Capitals VIII Quiz Stats

 Plays Quiz Updated Feb 9, 2018

Challenge
Share
Tweet
Embed
Score 0/12 Timer 00:30
55 Plays Today
Question Answer Wrong Answers
Philadelphia is the capital of the United States. False
85.5%
True
1.3%
Rome is the capital of Italy. True
85%
False
1.7%
Bangkok is the capital of Thailand. True
84.1%
False
2.2%
Guadalajara is the capital of Mexico. False
82.9%
True
3.4%
Gothenburg is the capital of Sweden. False
81.7%
True
4.9%
Bucharest is the capital of Romania. True
80.1%
False
6.7%
Montevideo is the capital of Uruguay. True
76.8%
False
9.5%
Chittagong is the capital of Bangladesh. False
73.1%
True
12.7%
Bata is the capital of Equatorial Guinea. False
60.1%
True
25.1%
Koror is the capital of Palau. False
59.4%
True
25.8%
Praia is the capital of Cabo Verde. True
57.4%
False
27.8%
Victoria is the capital of the Seychelles. True
57.2%
False
28.3%

You're not logged in!

Compare scores with friends on all Sporcle quizzes.
Join for Free
OR
Log In

You Might Also Like...

Show Comments

Extras

Top Quizzes Today


Score Distribution

Your Account Isn't Verified!

In order to create a playlist on Sporcle, you need to verify the email address you used during registration. Go to your Sporcle Settings to finish the process.

Report this User

Report this user for behavior that violates our Community Guidelines.

Details: